|
|
|
|
| LEADER |
00000nam a2200000 a 4500 |
| 001 |
vtls001419170 |
| 003 |
SK-MaSNL |
| 005 |
20260302001623.0 |
| 008 |
240226s2001 xo a r y slo |
| 015 |
|
|
|a SNBI2001/04-02642
|
| 020 |
|
|
|a 8088961068
|
| 035 |
|
|
|a SNK000373982
|
| 035 |
|
|
|a urn:nbn:sk:snk-am3h4z6
|
| 035 |
|
|
|a urn:nbn:sk:snk-am00944y
|
| 035 |
|
|
|a 3FC6D99C-5694-4BF3-B883-C1CF79F58AB0
|
| 040 |
|
|
|a SNK
|b slo
|c SNK
|e AACR2
|
| 041 |
0 |
|
|a slo
|
| 044 |
|
|
|a xo
|c SK
|
| 080 |
|
|
|a 340(437.1/.2+437.6)(083.81)"1945/..."
|2 1981
|
| 110 |
1 |
|
|a Slovensko
|4 aut
|9 266955
|
| 240 |
1 |
0 |
|a Zákony, etc.
|
| 245 |
1 |
0 |
|a Prehľad platných právnych predpisov od roku 1945
|b SEPI "G" - aktualizácia č. 30
|
| 260 |
|
|
|a Žilina
|b Systém ekonomických a právnych informácií
|c [2001]
|
| 300 |
|
|
|a 465 s.
|b tab.
|c 21 cm
|
| 500 |
|
|
|a SEPI - Systém Ekonomických a Právnych Informácií
|
| 500 |
|
|
|a Voľné listy bez obalu
|
| 650 |
0 |
7 |
|a právo
|x predpisy právne
|x príručky
|2 SNK
|9 298288
|
| 655 |
|
7 |
|a zákony
|2 SNK
|9 70186
|
| 919 |
|
|
|a 80-88961-06-8
|
| 958 |
|
|
|a TL
|
| 999 |
|
|
|c 984591
|d 986521
|
| 952 |
|
|
|t P60, <03>, [BOOK], {603}
|a SNK
|b SNK
|y PREZ
|7 0
|p 17A0312502
|o snkSC 97608/pril. 30
|i snkKSP 10120/2001
|0 0
|1 0
|4 0
|d 2001-08-24
|f 1
|l 0
|r 2025-09-17 00:00:00
|w 2026-02-24
|
| 952 |
|
|
|t P60, <04>, [BOOK], {604}
|a SNK
|b SNK
|y VYP
|7 0
|p 17A0312503
|o snkSC 97608/pril. 30 D1
|i snkKSP 10121/2001
|0 0
|1 0
|4 0
|d 2001-08-24
|l 0
|r 2005-01-02 00:00:00
|w 2026-02-24
|